[Event "GER-chB Seniors 27th"]
[Site "Magdeburg"]
[Date "2015.08.22"]
[Round "8"]
[White "Luebbers, Doris"]
[Black "Kage, August"]
[Result "1/2-1/2"]
[WhiteElo "1563"]
[BlackElo "1651"]
[PlyCount "83"]
[EventDate "2015.08.15"]
[EventType "swiss"]
[EventRounds "9"]
[EventCountry "GER"]
[SourceTitle "EXT 2018"]
[Source "ChessBase"]
[SourceDate "2017.10.13"]
[SourceVersion "1"]
[SourceVersionDate "2017.10.13"]
[SourceQuality "1"]

1. d4 Nf6 2. Nf3 g6 3. e3 Bg7 4. Nbd2 0-0 5. c4 d6 6. Be2 Re8 7. 0-0 Nbd7 8. b3 c6 9. Bb2 Qc7 10. Rc1 e5 11. dxe5 dxe5 12. e4 Qa5 13. a3 Re7 14. b4 Qc7 15. Qc2 Nh5 16. g3 Ndf6 17. Nh4 Bh6 18. Rcd1 Bh3 19. Ng2 Rd8 20. Nf3 Rde8 21. Bc1 Bf8 22. Be3 b6 23. Rfe1 Qc8 24. Ng5 Bd7 25. Bf3 Ng4 26. Be2 f6 27. Nf3 Ng7 28. Bc1 Ne6 29. Ne3 Nxe3 30. Bxe3 h5 31. Nh4 Kf7 32. Rd2 Bg7 33. Rf1 Rh8 34. f3 Nf8 35. Rf2 Be6 36. Bf1 Nh7 37. Ng2 f5 38. exf5 Bxf5 39. Bd3 Bf6 40. Bxf5 gxf5 41. Ne1 Rg8 42. Rg2 1/2-1/2

[Event "GER-chB Seniors 27th"]
[Site "Magdeburg"]
[Date "2015.08.21"]
[Round "7"]
[White "Weber, Gerhard"]
[Black "Kage, August"]
[Result "1-0"]
[WhiteElo "1830"]
[BlackElo "1651"]
[PlyCount "89"]
[EventDate "2015.08.15"]
[EventType "swiss"]
[EventRounds "9"]
[EventCountry "GER"]
[SourceTitle "EXT 2018"]
[Source "ChessBase"]
[SourceDate "2017.10.13"]
[SourceVersion "1"]
[SourceVersionDate "2017.10.13"]
[SourceQuality "1"]

1. e4 c5 2. Nf3 e6 3. c4 d6 4. Nc3 a6 5. g3 Nf6 6. d3 Be7 7. Bg2 0-0 8. 0-0 Qc7 9. Qe2 Nc6 10. b3 Bd7 11. Bb2 Rac8 12. Rad1 Qa5 13. e5 Ne8 14. d4 Nd8 15. dxc5 Qxc5 16. Rd2 f6 17. exd6 Nxd6 18. Rfd1 N8f7 19. Ne4 Qc7 20. Ba3 Bc6 21. Nxd6 Rcd8 22. c5 Bd5 23. Nxf7 Rxf7 24. b4 Qc6 25. Ne1 Bf8 26. Bxd5 exd5 27. Nc2 Re7 28. Qf3 Re5 29. Bb2 Re4 30. Kg2 Rde8 31. Rxd5 Qe6 32. a3 g6 33. Ne3 Bg7 34. Rd8 f5 35. Bxg7 Kxg7 36. Rxe8 Qxe8 37. Nd5 Qc6 38. Qc3+ Kh6 39. Rd2 Re6 40. f3 Qc8 41. Nf4 Re7 42. h4 Qe8 43. h5 Qf8 44. hxg6 hxg6 45. Rd1 1-0

[Event "GER-chB Seniors 27th"]
[Site "Magdeburg"]
[Date "2015.08.19"]
[Round "5"]
[White "Walther, Renate"]
[Black "Kage, August"]
[Result "0-1"]
[WhiteElo "1207"]
[BlackElo "1651"]
[PlyCount "38"]
[EventDate "2015.08.15"]
[EventType "swiss"]
[EventRounds "9"]
[EventCountry "GER"]
[SourceTitle "EXT 2018"]
[Source "ChessBase"]
[SourceDate "2017.10.13"]
[SourceVersion "1"]
[SourceVersionDate "2017.10.13"]
[SourceQuality "1"]

1. e4 c5 2. Nf3 e6 3. d4 cxd4 4. Nxd4 a6 5. Be2 Nf6 6. Nc3 b6 7. 0-0 Bb7 8. f3 Qc7 9. g3 d6 10. Qd3 Nbd7 11. Bg5 Be7 12. b4 0-0 13. Qd2 Rac8 14. Bd3 Qxc3 15. Qxc3 Rxc3 16. Bd2 Rcc8 17. a4 Ne5 18. Be2 d5 19. f4 Nc4 0-1

[Event "GER-chB Seniors 27th"]
[Site "Magdeburg"]
[Date "2015.08.18"]
[Round "4"]
[White "Bartl, Birgit"]
[Black "Kage, August"]
[Result "1/2-1/2"]
[WhiteElo "1543"]
[BlackElo "1651"]
[PlyCount "81"]
[EventDate "2015.08.15"]
[EventType "swiss"]
[EventRounds "9"]
[EventCountry "GER"]
[SourceTitle "EXT 2018"]
[Source "ChessBase"]
[SourceDate "2017.10.13"]
[SourceVersion "1"]
[SourceVersionDate "2017.10.13"]
[SourceQuality "1"]

1. d4 Nf6 2. e3 g6 3. Nf3 Bg7 4. Bd3 d6 5. 0-0 0-0 6. Nbd2 Re8 7. c3 e5 8. dxe5 dxe5 9. Bc4 Bg4 10. Qb3 Be6 11. Bxe6 Rxe6 12. Rd1 Qc8 13. Ng5 Re7 14. Qb4 Nc6 15. Qb3 h6 16. Nge4 b6 17. Nxf6+ Bxf6 18. Ne4 Bg7 19. Qc2 Qe6 20. b3 f5 21. Ng3 e4 22. Ba3 Rf7 23. Rac1 Ne5 24. h3 Nd3 25. Rb1 c5 26. c4 Re8 27. Ne2 Be5 28. Bc1 Qf6 29. Nf4 Nxc1 30. Rbxc1 g5 31. Nd5 Qg7 32. Qe2 Qg6 33. Rf1 Kg7 34. f3 Qh5 35. Rc2 Qh4 36. f4 Bb8 37. Qf2 Qh5 38. Qe2 Qg6 39. Qd1 h5 40. g3 Qh6 41. Rg2 1/2-1/2

[Event "Hessen-ch Seniors op 11th"]
[Site "Bad Sooden-Allendorf"]
[Date "2015.05.17"]
[Round "9"]
[White "Kage, August"]
[Black "Grueneschild, Hildegard"]
[Result "1-0"]
[WhiteElo "1672"]
[BlackElo "1451"]
[PlyCount "103"]
[EventDate "2015.05.09"]
[EventType "swiss"]
[EventRounds "9"]
[EventCountry "GER"]
[SourceTitle "EXT 2018"]
[Source "ChessBase"]
[SourceDate "2017.10.13"]
[SourceVersion "1"]
[SourceVersionDate "2017.10.13"]
[SourceQuality "1"]

1. d4 Nf6 2. c4 g6 3. Nc3 Bg7 4. Nf3 d6 5. e3 0-0 6. Be2 c6 7. 0-0 Nbd7 8. Qc2 Qc7 9. Rb1 Re8 10. Ng5 Nf8 11. b4 h6 12. Nf3 Bd7 13. Bd2 Rac8 14. Qc1 Bf5 15. Rb3 Ne4 16. Nxe4 Bxe4 17. Ne1 g5 18. Bg4 e6 19. f3 Bg6 20. Bc3 f5 21. Bh3 Qd7 22. g3 d5 23. c5 Nh7 24. Rf2 Rf8 25. Nd3 h5 26. f4 Qe7 27. Ne5 Bxe5 28. dxe5 g4 29. Bf1 h4 30. Bd4 h3 31. b5 Be8 32. a4 cxb5 33. axb5 Rf7 34. Rc2 Nf8 35. Rbc3 Rb8 36. c6 bxc6 37. bxc6 Rc8 38. Bc5 Qc7 39. Bd6 Qb6 40. Rb2 Qa5 41. Bb5 a6 42. Bf1 Bxc6 43. Rbc2 Qa4 44. Rxc6 Rxc6 45. Rxc6 a5 46. Rc8 d4 47. Rc4 d3 48. Rxa4 Nd7 49. Rxa5 Nb6 50. Bxd3 Kg7 51. Ra6 Nd5 52. Bc4 1-0

[Event "Hessen-ch Seniors op 11th"]
[Site "Bad Sooden-Allendorf"]
[Date "2015.05.15"]
[Round "7"]
[White "Kage, August"]
[Black "Geibel, Henning"]
[Result "1/2-1/2"]
[WhiteElo "1672"]
[BlackElo "1476"]
[PlyCount "104"]
[EventDate "2015.05.09"]
[EventType "swiss"]
[EventRounds "9"]
[EventCountry "GER"]
[SourceTitle "EXT 2018"]
[Source "ChessBase"]
[SourceDate "2017.10.13"]
[SourceVersion "1"]
[SourceVersionDate "2017.10.13"]
[SourceQuality "1"]

1. d4 Nf6 2. c4 d5 3. Nc3 e6 4. a3 Be7 5. Nf3 dxc4 6. e4 0-0 7. Bxc4 c5 8. 0-0 cxd4 9. Nxd4 e5 10. Nf3 Qxd1 11. Rxd1 Nfd7 12. Nd5 Bd8 13. b3 Kh8 14. Bb2 a6 15. Ne3 f6 16. Rac1 Bb6 17. Nd5 a5 18. Bb5 Nc6 19. Bxc6 bxc6 20. Rxc6 Rb8 21. Rdc1 Ba7 22. b4 axb4 23. axb4 Nb6 24. Rc7 Nxd5 25. exd5 Bb6 26. R7c2 Bf5 27. Rd2 Be4 28. d6 Bxf3 29. gxf3 Bd8 30. Ba3 f5 31. Rd5 Bg5 32. Rcc5 Bf6 33. Kg2 g6 34. b5 Ra8 35. Bc1 Ra2 36. d7 Kg7 37. Rc6 Raa8 38. b6 Rfd8 39. Be3 Rab8 40. Bc5 Kf7 41. Rc7 Be7 42. b7 Ke6 43. Bxe7 Kxe7 44. Rxe5+ Kd6 45. Rec5 Rxd7 46. R5c6+ Ke7 47. Rxd7+ Kxd7 48. Rb6 Kc7 49. Rf6 Rxb7 50. h4 Kc8 51. Re6 Kd7 52. Re3 h5 1/2-1/2

[Event "Hessen-ch Seniors op 11th"]
[Site "Bad Sooden-Allendorf"]
[Date "2015.05.14"]
[Round "6"]
[White "Knobling, Rolf"]
[Black "Kage, August"]
[Result "1/2-1/2"]
[WhiteElo "1574"]
[BlackElo "1672"]
[PlyCount "53"]
[EventDate "2015.05.09"]
[EventType "swiss"]
[EventRounds "9"]
[EventCountry "GER"]
[SourceTitle "EXT 2018"]
[Source "ChessBase"]
[SourceDate "2017.10.13"]
[SourceVersion "1"]
[SourceVersionDate "2017.10.13"]
[SourceQuality "1"]

1. e4 c5 2. Nf3 e6 3. c3 d6 4. d4 cxd4 5. cxd4 Nf6 6. Nc3 a6 7. Bd3 Be7 8. 0-0 0-0 9. h3 Nbd7 10. Be3 b6 11. a4 Qc7 12. Rc1 Qb8 13. Qb3 Qb7 14. Rc2 Rb8 15. Rfc1 Qa8 16. Ne2 Bb7 17. Ng3 Bd8 18. Nd2 d5 19. e5 Ne4 20. Kh2 Re8 21. Ndxe4 dxe4 22. Be2 Bd5 23. Qc3 Nf8 24. b4 Ng6 25. Qb2 Nh4 26. Rc3 Nf5 27. Qd2 1/2-1/2

[Event "Hessen-ch Seniors op 11th"]
[Site "Bad Sooden-Allendorf"]
[Date "2015.05.11"]
[Round "3"]
[White "Kage, August"]
[Black "Dachrodt, Heinz Guenther"]
[Result "0-1"]
[WhiteElo "1672"]
[BlackElo "1614"]
[PlyCount "104"]
[EventDate "2015.05.09"]
[EventType "swiss"]
[EventRounds "9"]
[EventCountry "GER"]
[SourceTitle "EXT 2018"]
[Source "ChessBase"]
[SourceDate "2017.10.13"]
[SourceVersion "1"]
[SourceVersionDate "2017.10.13"]
[SourceQuality "1"]

1. d4 Nf6 2. c4 g6 3. Nc3 d5 4. Nf3 Bg7 5. e3 0-0 6. Bd2 c6 7. cxd5 Nxd5 8. Be2 Bg4 9. Ne4 Bxf3 10. Bxf3 e5 11. dxe5 Bxe5 12. Rb1 Nd7 13. 0-0 N7b6 14. b3 Qc7 15. g3 Rad8 16. Qe1 Bg7 17. Ba5 Nf6 18. Nxf6+ Bxf6 19. Rc1 Qe5 20. Bc3 Qf5 21. Bg2 Bxc3 22. Qxc3 Qb5 23. e4 Rd3 24. Qa1 Rfd8 25. Rfe1 Rd2 26. Bf1 Qa5 27. Re2 Qh5 28. Rxd2 Rxd2 29. Re1 Qf3 30. Be2 Rxe2 31. Rf1 Qxe4 32. Qd1 Nd5 33. Qc1 Qf3 34. Qg5 Qf6 35. Qg4 Qe6 36. Qa4 a6 37. Qd4 Rxa2 38. Qa7 Qe7 39. Qb8+ Kg7 40. Qc8 Rb2 41. Qg4 Rxb3 42. Qd4+ Kg8 43. Qd2 Rb4 44. Re1 Re4 45. Rxe4 Qxe4 46. Qb2 Qb4 47. Qe5 Qe7 48. Qb8+ Kg7 49. Qa7 Qc7 50. Qd4+ f6 51. Kg2 b5 52. Qa1 a5 0-1

[Event "GER-chB Seniors 26th"]
[Site "Bad Neuenahr"]
[Date "2014.08.07"]
[Round "3"]
[White "Kage, August"]
[Black "Daebel, Hasso"]
[Result "1-0"]
[WhiteElo "1569"]
[BlackElo "1665"]
[PlyCount "109"]
[EventDate "2014.08.05"]
[EventType "swiss"]
[EventRounds "9"]
[EventCountry "GER"]
[SourceTitle "EXT 2018"]
[Source "ChessBase"]
[SourceDate "2017.10.13"]
[SourceVersion "1"]
[SourceVersionDate "2017.10.13"]
[SourceQuality "1"]

1. d4 d5 2. c4 dxc4 3. e4 b5 4. a4 Ba6 5. Nc3 b4 6. Nd5 e6 7. Ne3 c3 8. Nf3 Bxf1 9. Nxf1 cxb2 10. Bxb2 a5 11. N1d2 Nf6 12. 0-0 Be7 13. Qe2 0-0 14. Ne5 c5 15. Nb3 cxd4 16. Bxd4 Qc8 17. Rfc1 Qa6 18. Qe3 Bd8 19. Nc5 Qc8 20. Ncd7 Qb7 21. Nxf8 Kxf8 22. f3 h6 23. Ra2 Nbd7 24. Nxd7+ Nxd7 25. Qb3 e5 26. Bf2 Bg5 27. Rd1 Be7 28. Rad2 Rd8 29. Rd5 Qc7 30. h3 Ke8 31. Kh2 Qc3 32. Qxc3 bxc3 33. Rc1 Bb4 34. Bg3 f6 35. Bf2 Rc8 36. Rc2 Ke7 37. Rb5 Ke6 38. Rb7 Kd6 39. Rb5 Ke6 40. g4 g6 41. h4 f5 42. gxf5+ gxf5 43. exf5+ Kxf5 44. Be3 h5 45. Rd5 Ke6 46. Rb5 Kd6 47. f4 Rc4 48. fxe5+ Nxe5 49. Kg3 Rg4+ 50. Kh3 Re4 51. Rb6+ Nc6 52. Bg5 Re8 53. Bf4+ Kd7 54. Rb7+ Kd8 55. Ra7 1-0

[Event "Hessen-ch Seniors op 10th"]
[Site "Bad Sooden-Allendorf"]
[Date "2014.05.03"]
[Round "8"]
[White "Kage, August"]
[Black "Gottschalk, Juergen"]
[Result "1/2-1/2"]
[WhiteElo "1642"]
[BlackElo "1617"]
[PlyCount "40"]
[EventDate "2014.04.26"]
[EventType "swiss"]
[EventRounds "9"]
[EventCountry "GER"]
[SourceTitle "EXT 2018"]
[Source "ChessBase"]
[SourceDate "2017.10.13"]
[SourceVersion "1"]
[SourceVersionDate "2017.10.13"]
[SourceQuality "1"]

1. d4 Nf6 2. c4 g6 3. Nc3 Bg7 4. e4 d6 5. Nf3 c6 6. Be2 e6 7. 0-0 0-0 8. Rb1 Qc7 9. Bg5 Nbd7 10. Qc1 b6 11. b4 Bb7 12. Bd3 Rac8 13. Ne2 Qb8 14. Qd1 c5 15. dxc5 Nxe4 16. Bxe4 Bxe4 17. Rb3 d5 18. cxd5 exd5 19. Ng3 Qc7 20. Nd2 f5 1/2-1/2

[Event "Hessen-ch Seniors op 10th"]
[Site "Bad Sooden-Allendorf"]
[Date "2014.04.29"]
[Round "4"]
[White "Kage, August"]
[Black "Bartl, Birgit"]
[Result "0-1"]
[WhiteElo "1642"]
[BlackElo "1511"]
[PlyCount "86"]
[EventDate "2014.04.26"]
[EventType "swiss"]
[EventRounds "9"]
[EventCountry "GER"]
[SourceTitle "EXT 2018"]
[Source "ChessBase"]
[SourceDate "2017.10.13"]
[SourceVersion "1"]
[SourceVersionDate "2017.10.13"]
[SourceQuality "1"]

1. d4 d5 2. c4 e6 3. Nc3 Nc6 4. Nf3 Nf6 5. cxd5 exd5 6. a3 Be7 7. Bf4 a6 8. h3 Bf5 9. e3 h6 10. Rc1 Bd6 11. Ne5 Ne7 12. Be2 c6 13. 0-0 0-0 14. g4 Bh7 15. f3 Ng6 16. Qe1 Nxf4 17. exf4 Qb6 18. Qd2 Rad8 19. Kg2 Nd7 20. Nxd7 Rxd7 21. f5 Qc7 22. f4 Re7 23. Rf2 Rfe8 24. Bd3 f6 25. Rf3 Qd7 26. Rcf1 Kh8 27. Ne2 Rg8 28. Ng3 Rge8 29. Nh5 c5 30. Qf2 c4 31. Qh4 cxd3 32. Rxd3 Rf8 33. Rd2 Qc7 34. Qg3 g6 35. fxg6 Bxg6 36. Qh2 Bxh5 37. gxh5 Rfe8 38. Rdf2 Rg8+ 39. Kf3 Re4 40. Rc2 Qf7 41. Rg2 Qxh5+ 42. Kf2 Rxf4+ 43. Qxf4 Bxf4 0-1

[Event "Hessen-ch Seniors op 10th"]
[Site "Bad Sooden-Allendorf"]
[Date "2014.04.27"]
[Round "2"]
[White "Kage, August"]
[Black "Hoffmann, Erich"]
[Result "0-1"]
[WhiteElo "1642"]
[BlackElo "1898"]
[PlyCount "92"]
[EventDate "2014.04.26"]
[EventType "swiss"]
[EventRounds "9"]
[EventCountry "GER"]
[SourceTitle "EXT 2018"]
[Source "ChessBase"]
[SourceDate "2017.10.13"]
[SourceVersion "1"]
[SourceVersionDate "2017.10.13"]
[SourceQuality "1"]

1. d4 Nf6 2. c4 e5 3. dxe5 Ne4 4. Qc2 d5 5. e3 Nc6 6. Nf3 Nb4 7. Qd1 Be6 8. a3 Nc6 9. Qc2 Nc5 10. b4 Nd7 11. Bb2 a6 12. Nbd2 g6 13. Bc3 Bg7 14. Qb2 0-0 15. Be2 Re8 16. 0-0 dxc4 17. Nxc4 Bxc4 18. Bxc4 Ndxe5 19. Be2 Nxf3+ 20. Bxf3 Bxc3 21. Qxc3 Re6 22. Rad1 Qe7 23. Bd5 Rd6 24. e4 Rad8 25. f4 Na7 26. Qb3 c6 27. Bc4 Rxd1 28. Rxd1 Rxd1+ 29. Qxd1 Qxe4 30. Qd8+ Kg7 31. Qd3 Qxf4 32. g3 Qf6 33. Kg2 Nb5 34. Kh3 Qf5+ 35. Qxf5 gxf5 36. Bxb5 axb5 37. Kg2 b6 38. Kf3 Kf6 39. Ke3 Ke5 40. h3 h5 41. h4 c5 42. bxc5 bxc5 43. Kd3 f4 44. g4 hxg4 45. h5 Kf5 46. h6 Kg6 0-1